Testi copti /

محفوظ في:

مؤلفون آخرون: Orlandi, Tito.

التنسيق: كتاب

اللغة: Italian
Undetermined

منشور في: Milano ; Varese : Istituto Editoriale Cisalpino, 1968.

سلاسل: Testi e documenti per lo studio dell'antichità ; 21.

الموضوعات:

الوسوم: إضافة وسم

لا توجد وسوم, كن أول من يضع وسما على هذه التسجيلة!

رقم الطلب: BR1720 .A7 O74 1968

LEADER 01422nam a22003971 4500
001 852
003 OSt
005 20200713124848.0
008 130303s1968 it f e 000 0dita d
952 |0 0  |1 0  |2 lcc  |4 0  |6 BR1720 A7 O74 01968  |7 1  |9 3849  |a ARCE  |b ARCE  |d 2020-07-13  |l 0  |o BR1720 .A7 O74 1968  |r 2020-07-13 00:00:00  |w 2020-07-13  |y BK 
999 |c 6862  |d 6862 
035 |a tmp00537044 
040 |c ARCE Library 
041 1 |a ita  |h und 
050 0 4 |a BR1720 .A7 O74 1968 
245 0 0 |a Testi copti /  |c edizione critica, traduzione e commento di Tito Orlandi. 
264 1 |a Milano ;  |a Varese :  |b Istituto Editoriale Cisalpino,  |c 1968. 
300 |a 161 pages :  |b plates ;  |c 19 cm. 
336 |a text  |b txt  |2 rdacontent 
337 |a unmediated  |b n  |2 rdamedia 
338 |a volume  |b nc  |2 rdacarrier 
490 1 |a Testi e documenti per lo studio dell'antichità ;  |v 21 
505 0 |g 1.  |t Encomio di Atanasio --  |g 2.  |t Vita di Atanasio. 
600 0 0 |a Athanasius,  |c Saint, Patriarch of Alexandria,  |d -373. 
650 0 |a Coptic literature. 
700 1 2 |a Orlandi, Tito.  |t Encomio di Atanasio.  
700 1 2 |a Orlandi, Tito.  |t Vita di Atanasio. 
740 0 2 |a Encomio di Atanasio. 
740 0 2 |a Vita di Atanasio. 
830 0 |a Testi e documenti per lo studio dell'antichità ;  |v 21. 
901 |a reviewed 
902 |a 21-10-97 
907 |a .b10905091 
907 |a .b23725011  |b 02-05-08  |c 01-30-08 
942 |2 lcc  |c BK 
998 |b 01-30-08  |c m  |d -  |i 1